[Event "CN Seniori 2012"]
[Site "Sarata Monteoru/Romania"]
[Date "2012.02.18"]
[Round "7.43"]
[White "Moldoveanu, Paul"]
[Black "Fugulyan, Grigore"]
[Result "0-1"]
[WhiteElo "1859"]
[BlackElo "1958"]
[PlyCount "114"]
[EventDate "2012.??.??"]

1. e4 e5 2. Nf3 Nc6 3. Bb5 a6 4. Ba4 Nf6 5. O-O b5 6. Bb3 Be7 7. Re1 d6 8. c3
Bg4 9. h3 Bh5 10. d3 O-O 11. Nbd2 Na5 12. Bc2 c5 13. Nf1 Qc7 14. Ng3 Bg6 15.
Be3 d5 16. exd5 Nxd5 17. Nxe5 Qxe5 18. Bxc5 Qc7 19. Bxe7 Nxe7 20. d4 Bxc2 21.
Qxc2 Nc4 22. Ne4 Nd6 23. Nc5 a5 24. Re5 Ng6 25. Re3 Rfe8 26. Rae1 Rxe3 27. fxe3
Nf8 28. e4 Nd7 29. Nxd7 Qxd7 30. e5 Nc4 31. Qe4 Rd8 32. b3 Nb6 33. e6 fxe6 34.
Qxe6+ Qxe6 35. Rxe6 Nd5 36. Rc6 Kf7 37. Rc5 Ke6 38. c4 bxc4 39. bxc4 Nf4 40.
d5+ Ke5 41. Rc7 g5 42. Ra7 Kd4 43. g3 Nd3 44. Rxa5 Kxc4 45. Ra7 Rxd5 46. Rc7+
Kd4 47. a4 Ke4 48. Kg2 Rc5 49. Re7+ Ne5 50. Rxh7 Rc2+ 51. Kg1 Nf3+ 52. Kf1 Rc1+
53. Kf2 Rc2+ 54. Kf1 Nd4 55. a5 Ra2 56. h4 g4 57. Rf7 Nf5 0-1

[Event "CN Seniori 2012"]
[Site "Sarata Monteoru/Romania"]
[Date "2012.02.18"]
[Round "7.44"]
[White "Costachi, Mihnea"]
[Black "David, Bogdan-Emanuel"]
[Result "1-0"]
[WhiteElo "1937"]
[BlackElo "1667"]
[PlyCount "121"]
[EventDate "2012.??.??"]

1. d4 Nf6 2. c4 g6 3. Nc3 Bg7 4. e4 d6 5. Be2 O-O 6. Bg5 Nbd7 7. Qd2 e5 8. d5
Nc5 9. f3 c6 10. O-O-O h6 11. Bxh6 cxd5 12. cxd5 Qc7 13. Kb1 a6 14. Rc1 Qa5 15.
Nd1 Qb6 16. Be3 Nfd7 17. g4 a5 18. h4 Qa7 19. h5 Rb8 20. Bh6 b5 21. Bxg7 Kxg7
22. hxg6 fxg6 23. Qh6+ Kf7 24. Nh3 Rg8 25. Ng5+ Kf6 26. f4 Nf8 27. fxe5+ Kxe5
28. Qh2+ Kf6 29. Rf1+ Kg7 30. Rf7+ Qxf7 31. Nxf7 Kxf7 32. Rxc5 dxc5 33. Qxb8
Nd7 34. Qf4+ Kg7 35. e5 Rf8 36. Qe3 Re8 37. e6 Nf6 38. g5 Nxd5 39. Qe5+ Kh7 40.
Qxd5 Bxe6 41. Qb7+ Kg8 42. Bxb5 Bf5+ 43. Kc1 Re4 44. Qxe4 Bxe4 45. Kd2 Bd5 46.
b3 Kf7 47. Bc4 Ke6 48. Bxd5+ Kxd5 49. Kd3 Kd6 50. Kc4 Kc6 51. Nc3 Kb6 52. Ne4
Kc6 53. Nxc5 Kd6 54. Nb7+ Ke5 55. Nxa5 Kf5 56. b4 Kxg5 57. b5 Kf4 58. b6 g5 59.
b7 g4 60. b8=Q+ Kf3 61. a4 1-0

[Event "CN Seniori 2012"]
[Site "Sarata Monteoru/Romania"]
[Date "2012.02.18"]
[Round "7.45"]
[White "Mirauta, Stefano-Marius"]
[Black "Arghirescu, Marius"]
[Result "1-0"]
[WhiteElo "1823"]
[BlackElo "1921"]
[PlyCount "103"]
[EventDate "2012.??.??"]

1. e4 e5 2. Nf3 Nc6 3. Bb5 a6 4. Ba4 Nf6 5. d3 b5 6. Bb3 Be7 7. O-O d6 8. c3
Na5 9. Bc2 O-O 10. Re1 c5 11. Nbd2 Nc6 12. Nf1 Ne8 13. Ne3 Be6 14. Bb3 Nc7 15.
Bd2 Qd7 16. Qc2 Bg4 17. Qd1 Na5 18. Bd5 Rab8 19. Nxe5 dxe5 20. Qxg4 Qxg4 21.
Nxg4 Nxd5 22. exd5 f6 23. c4 Nb7 24. f3 Nd6 25. b3 Nf5 26. Nf2 Nd4 27. Rac1
Rfd8 28. Ne4 Rb7 29. f4 bxc4 30. dxc4 f5 31. Nc3 e4 32. Be3 Bf6 33. Red1 a5 34.
Kf2 h6 35. Na4 Rc8 36. Nxc5 Rxc5 37. Bxd4 Bxd4+ 38. Rxd4 Kf7 39. g4 g6 40. gxf5
gxf5 41. Rcd1 a4 42. Rb1 Rb4 43. Ke3 Rc8 44. Kd2 Rg8 45. Kc3 Rbb8 46. c5 axb3
47. axb3 Rg2 48. d6 Rxh2 49. c6 Rh3+ 50. Kc4 Rc8 51. d7 Rxc6+ 52. Kb5 1-0

[Event "CN Seniori 2012"]
[Site "Sarata Monteoru/Romania"]
[Date "2012.02.18"]
[Round "7.46"]
[White "Gheorghiu, Calin"]
[Black "David, Dorian-Ciprian"]
[Result "1-0"]
[WhiteElo "2003"]
[BlackElo "1726"]
[PlyCount "67"]
[EventDate "2012.??.??"]

1. e4 a6 2. d4 b5 3. Nf3 Bb7 4. Bd3 e6 5. O-O Nf6 6. Qe2 c5 7. c3 d6 8. Bg5 Be7
9. Nbd2 Nc6 10. Rad1 Qc7 11. Rfe1 O-O-O 12. b3 h6 13. Be3 g5 14. Nf1 g4 15.
N3d2 h5 16. Rc1 Rdg8 17. a4 Na7 18. axb5 axb5 19. Ra1 Bc6 20. dxc5 dxc5 21. b4
Nd7 22. Ra6 Kb7 23. Rea1 Ra8 24. Nb3 Kb8 25. Na5 Bb7 26. Nxb7 Kxb7 27. Qa2 Kb8
28. Bxb5 Ne5 29. bxc5 Bxc5 30. Bxc5 Qxc5 31. Qa5 Rc8 32. Rb6+ Kc7 33. Rc6+ Kb7
34. Qa6+ 1-0

[Event "CN Seniori 2012"]
[Site "Sarata Monteoru/Romania"]
[Date "2012.02.18"]
[Round "7.47"]
[White "Fulger, Ionut"]
[Black "Zlatea, Cezar-Stelian"]
[Result "1-0"]
[WhiteElo "1946"]
[BlackElo "1679"]
[PlyCount "107"]
[EventDate "2012.??.??"]

1. d4 d5 2. Nf3 Nf6 3. e3 e6 4. Bd3 Be7 5. O-O O-O 6. Nbd2 b6 7. b3 Bb7 8. Bb2
Nbd7 9. Ne5 c5 10. Qf3 Qc7 11. Qh3 cxd4 12. exd4 Bd6 13. f4 Ne4 14. Ndf3 Ndf6
15. c4 Ba6 16. Rac1 Qe7 17. Rfd1 Ba3 18. Nc6 Qd6 19. c5 Qxc6 20. Bxa3 Bxd3 21.
Rxd3 bxc5 22. Bxc5 Rfc8 23. Ne5 Qa6 24. a3 Rab8 25. b4 Qb5 26. a4 Qxb4 27. f5
Qb2 28. Qe3 exf5 29. Re1 Nxc5 30. dxc5 Re8 31. Qg3 Qb4 32. Rc1 Qe4 33. Nc6 Rb2
34. Nd4 Rxg2+ 35. Qxg2 Qxd3 36. Nc2 Re2 37. Qg3 Qxg3+ 38. hxg3 Re8 39. Nd4 Ne4
40. c6 Rc8 41. c7 Kf8 42. Nb5 a6 43. Na7 Nd6 44. Nxc8 Nxc8 45. Rd1 Ke7 46. Rxd5
f6 47. Rd8 Nb6 48. c8=Q Nxc8 49. Rxc8 Kd7 50. Ra8 Kc7 51. Rxa6 Kb7 52. Re6 f4
53. gxf4 g5 54. f5 1-0

[Event "CN Seniori 2012"]
[Site "Sarata Monteoru/Romania"]
[Date "2012.02.18"]
[Round "7.48"]
[White "Vacar, Gligore"]
[Black "Badelita, Beniamin"]
[Result "0-1"]
[WhiteElo "1788"]
[BlackElo "1945"]
[PlyCount "96"]
[EventDate "2012.??.??"]

1. e4 c5 2. c3 g6 3. Bc4 Bg7 4. Qf3 e6 5. Na3 a6 6. Nc2 Nc6 7. Qe2 b5 8. Bxb5
axb5 9. Qxb5 Qa5 10. Na3 Ba6 11. Qxa5 Nxa5 12. Ne2 Bd3 13. f3 Ne7 14. Nf4 Ba6
15. b3 d5 16. exd5 exd5 17. Bb2 Nac6 18. O-O-O O-O 19. Rhe1 Ra7 20. Kc2 Rfa8
21. Nb1 Bc8 22. a3 g5 23. Nh5 Bf5+ 24. Kc1 Na5 25. Ba1 Nxb3+ 26. Kb2 Nxa1 27.
Nxg7 Kxg7 28. Kxa1 Nc6 29. Kb2 Bxb1 30. Rxb1 Rxa3 31. Kc2 c4 32. Rb6 Ra2+ 33.
Kd1 R8a6 34. Rb5 Ra1+ 35. Ke2 Nd4+ 36. cxd4 Re6+ 37. Kf2 Raxe1 38. Rxd5 h6 39.
Rc5 R6e2+ 40. Kg3 Rxd2 41. Rxc4 Ree2 42. Kg4 Rxg2+ 43. Kf5 Rxh2 44. Ke5 Rh4 45.
Rb4 Rf4 46. Rc4 Rxf3 47. d5 Rfd3 48. d6 Rxd6 0-1

[Event "CN Seniori 2012"]
[Site "Sarata Monteoru/Romania"]
[Date "2012.02.18"]
[Round "7.49"]
[White "Bratu, Gheorghe"]
[Black "Ionita, Ioan"]
[Result "1-0"]
[WhiteElo "1876"]
[BlackElo "1720"]
[PlyCount "120"]
[EventDate "2012.??.??"]

1. e4 c5 2. Nf3 d6 3. Bb5+ Nd7 4. O-O Ngf6 5. Re1 a6 6. Bf1 b6 7. d4 cxd4 8.
Nxd4 Bb7 9. Nc3 g6 10. f3 Bg7 11. Be3 O-O 12. Qd2 Qc7 13. Rad1 Rfd8 14. Nb3 b5
15. a3 Rac8 16. Qf2 Re8 17. Rd2 Nc5 18. Nxc5 dxc5 19. Red1 e6 20. Rd6 Bf8 21.
R6d2 Bg7 22. Rd6 Bf8 23. R6d2 Qc6 24. Bg5 Nh5 25. e5 c4 26. Ne4 h6 27. Be3 Qc7
28. Nd6 Bd5 29. Nxe8 Rxe8 30. f4 Ng7 31. g4 Rc8 32. c3 Be7 33. Bg2 Bxg2 34.
Qxg2 Bc5 35. Qf2 Bxe3 36. Qxe3 h5 37. h3 hxg4 38. hxg4 Ne8 39. Rd7 Qc6 40. Kf2
Nc7 41. Rd8+ Rxd8 42. Rxd8+ Ne8 43. Qd4 Kg7 44. f5 Kh6 45. Qf4+ g5 46. Qh2+ Kg7
47. f6+ Kg8 48. Rd2 Qc7 49. Qg3 Qc5+ 50. Qe3 Qc8 51. Qxg5+ Kf8 52. Qh6+ Kg8 53.
Qf4 Qb8 54. g5 Nc7 55. g6 Nd5 56. gxf7+ Kxf7 57. Qe4 Qh8 58. Rxd5 exd5 59.
Qxd5+ Kg6 60. Qe4+ Kf7 1-0

[Event "CN Seniori 2012"]
[Site "Sarata Monteoru/Romania"]
[Date "2012.02.18"]
[Round "7.51"]
[White "Rusu, Vasile"]
[Black "Tiron, Calin-Andrei"]
[Result "0-1"]
[WhiteElo "1760"]
[BlackElo "1856"]
[PlyCount "42"]
[EventDate "2012.??.??"]

1. d4 e6 2. e4 d5 3. exd5 exd5 4. Nf3 Nc6 5. Be2 Bd6 6. Bg5 f6 7. Bh4 Bg4 8.
Bg3 Bxg3 9. hxg3 Nge7 10. c3 Qd7 11. Nbd2 O-O-O 12. a4 Rde8 13. a5 Ng6 14. O-O
h5 15. Re1 h4 16. Qc2 h3 17. b4 hxg2 18. Bd3 Rxe1+ 19. Rxe1 Bxf3 20. Nxf3 Rh1+
21. Kxg2 Qh3# 0-1

[Event "CN Seniori 2012"]
[Site "Sarata Monteoru/Romania"]
[Date "2012.02.18"]
[Round "7.52"]
[White "Gavrilescu, David"]
[Black "Soare, Flavius-Alexandru"]
[Result "1-0"]
[WhiteElo "1800"]
[BlackElo "1668"]
[PlyCount "67"]
[EventDate "2012.??.??"]

1. e4 e5 2. Bc4 Nf6 3. Nc3 Nc6 4. d3 Bc5 5. Bg5 h6 6. Bh4 Be7 7. Nge2 Nxe4 8.
Bxe7 Nxc3 9. Bxd8 Nxd1 10. Bh4 Nxb2 11. Bb3 b5 12. Nc3 Na4 13. Nxb5 Rb8 14.
Nxc7+ Kf8 15. Bxa4 Rb4 16. Bxc6 dxc6 17. Bg3 f6 18. O-O Rb7 19. Na6 Rb5 20. Nc7
Rb7 21. f4 Rxc7 22. fxe5 Rf7 23. Rab1 Ke7 24. Rb8 Rhf8 25. Ra8 Ke6 26. exf6
gxf6 27. Bf2 a6 28. Rb1 f5 29. Rbb8 Rc7 30. Bb6 Rg7 31. Rxc8 Rff7 32. Rxc6+ Kd5
33. Rxh6 Rg4 34. Rxa6 1-0

[Event "CN Seniori 2012"]
[Site "Sarata Monteoru/Romania"]
[Date "2012.02.18"]
[Round "7.53"]
[White "Coman, Liviu"]
[Black "Mardan, Cristian"]
[Result "1-0"]
[WhiteElo "1794"]
[BlackElo "1556"]
[PlyCount "87"]
[EventDate "2012.??.??"]

1. e4 e5 2. Nf3 Nc6 3. Bb5 d6 4. d4 exd4 5. Nxd4 Bd7 6. Bxc6 bxc6 7. O-O Nf6 8.
Nc3 Be7 9. Re1 c5 10. Nb3 O-O 11. Bg5 h6 12. Bh4 Bc6 13. Qd3 Re8 14. Rad1 Qd7
15. Na5 Rab8 16. Nxc6 Qxc6 17. b3 Qd7 18. h3 Rb4 19. Bxf6 Bxf6 20. Nd5 Rd4 21.
Nxf6+ gxf6 22. Qg3+ Kh7 23. Rxd4 cxd4 24. Qd3 c5 25. a4 a5 26. Kf1 Kh8 27. Qd2
Kh7 28. Qxa5 Qc6 29. Qd2 Rxe4 30. Qd3 f5 31. f3 Rxe1+ 32. Kxe1 Kg7 33. Qxf5 Qa6
34. Qd3 Qa5+ 35. Ke2 Qa8 36. Qe4 Qa6+ 37. Kf2 Qa5 38. Kg3 Qc7 39. f4 Qd7 40. f5
d5 41. Qg4+ Kf8 42. f6 Qd6+ 43. Qf4 Qxf4+ 44. Kxf4 1-0

[Event "CN Seniori 2012"]
[Site "Sarata Monteoru/Romania"]
[Date "2012.02.18"]
[Round "7.54"]
[White "Ciortan, Mihail"]
[Black "Olinici, Emanuel"]
[Result "1/2-1/2"]
[WhiteElo "1721"]
[BlackElo "1794"]
[PlyCount "108"]
[EventDate "2012.??.??"]

1. b3 e5 2. Bb2 Nc6 3. c4 Nf6 4. Nf3 e4 5. Nd4 Bc5 6. Nxc6 dxc6 7. e3 Bf5 8.
Be2 O-O 9. Qc2 Re8 10. h3 Bg6 11. Nc3 a5 12. O-O-O Qe7 13. Kb1 Ba3 14. d4 Reb8
15. Ka1 b5 16. cxb5 cxb5 17. Nxb5 Bxb2+ 18. Qxb2 a4 19. b4 c6 20. Nc3 Rxb4 21.
Qc2 Rb3 22. Rb1 Qa3 23. Rxb3 axb3 24. Qb2 Nd5 25. Qxa3 Rxa3 26. Kb2 Ra8 27.
axb3 Nxc3 28. Kxc3 Ra2 29. Re1 f6 30. Bc4+ Bf7 31. Re2 Ra1 32. Rc2 Rg1 33. g3
Bxc4 34. Kxc4 Rb1 35. b4 Kf7 36. Kc5 Ke7 37. Rc4 Kd7 38. d5 cxd5 39. Kxd5 Rb2
40. Rxe4 Rxf2 41. Rg4 g5 42. h4 h6 43. hxg5 hxg5 44. Rc4 Rf3 45. g4 Rxe3 46.
Re4 Rb3 47. Kc5 Rc3+ 48. Rc4 Rf3 49. Kb6 Rf4 50. Kc5 Rf3 51. Kd5 Rb3 52. Rd4
Rc3 53. Rc4 Rb3 54. Ke4 Kd6 1/2-1/2

[Event "CN Seniori 2012"]
[Site "Sarata Monteoru/Romania"]
[Date "2012.02.18"]
[Round "7.55"]
[White "Balea, Dumitru-Lucian"]
[Black "Porfireanu, Serban"]
[Result "0-1"]
[WhiteElo "1490"]
[BlackElo "1927"]
[PlyCount "86"]
[EventDate "2012.??.??"]

1. d4 d5 2. Bf4 Nf6 3. e3 e6 4. c4 dxc4 5. Bxc4 Bb4+ 6. Nc3 O-O 7. Nge2 Nbd7 8.
O-O Nh5 9. Bg3 Nxg3 10. Nxg3 a6 11. Qc2 b5 12. Bd3 g6 13. a3 Be7 14. b4 Bb7 15.
Be4 Bxe4 16. Ncxe4 f5 17. Nd2 Nf6 18. Rac1 Bd6 19. Ne2 a5 20. Nc3 Qd7 21. Qb3
Kg7 22. Ra1 Ra7 23. Ra2 h5 24. h3 g5 25. f3 Kg6 26. Kf2 h4 27. Ke2 Nh5 28. Rfa1
a4 29. Qc2 Kh6 30. Nd1 Qg7 31. Nf2 Raa8 32. Kd3 Rad8 33. Rd1 Bg3 34. Nf1 e5 35.
Qc5 exd4 36. exd4 Nf4+ 37. Kc3 Ne6 38. Qc6 Rd6 39. Qb7 Nxd4 40. Nxg3 Ne2+ 41.
Kc2 Qc3+ 42. Kb1 Rxd1+ 43. Nxd1 Qc1# 0-1

[Event "CN Seniori 2012"]
[Site "Sarata Monteoru/Romania"]
[Date "2012.02.18"]
[Round "7.57"]
[White "Baciu, Alexandru"]
[Black "Mihalea, Stefan"]
[Result "1-0"]
[WhiteElo "1688"]
[BlackElo "1723"]
[PlyCount "114"]
[EventDate "2012.??.??"]

1. d4 e6 2. c4 Bb4+ 3. Nd2 c5 4. Ngf3 cxd4 5. Nxd4 Qh4 6. e3 Nc6 7. Nb5 Ba5 8.
a3 a6 9. Nd6+ Kf8 10. b4 Nxb4 11. axb4 Bxb4 12. Nxc8 Rxc8 13. Qb3 Qe7 14. Rb1
a5 15. Be2 Qd6 16. Qd3 Qc6 17. O-O Ne7 18. Ba3 Bxa3 19. Qxa3 b6 20. Qb3 Rb8 21.
Ra1 Qd6 22. Nf3 Nc6 23. Rfd1 Qc7 24. Nd4 Nb4 25. Rdb1 Qc5 26. Nc2 Nxc2 27. Qxc2
Ke7 28. Rb5 Qc7 29. Rab1 Rhc8 30. Qb2 Qd6 31. Rxb6 Rxb6 32. Qxb6 Qd2 33. Qb2
Qxb2 34. Rxb2 d5 35. cxd5 Rc1+ 36. Bf1 a4 37. dxe6 a3 38. Ra2 Kxe6 39. Rxa3 f6
40. g3 g5 41. Kg2 Rc7 42. Ra6+ Kf7 43. Be2 Re7 44. Bc4+ Kg7 45. Kf3 Rc7 46. Bd3
Rd7 47. Ke2 Rb7 48. Ra2 Rd7 49. f4 h6 50. fxg5 hxg5 51. Bf5 Rc7 52. Kf3 Kh6 53.
h4 Rc5 54. Kg4 gxh4 55. Ra7 Rc4+ 56. e4 Rxe4+ 57. Bxe4 hxg3 1-0

[Event "CN Seniori 2012"]
[Site "Sarata Monteoru/Romania"]
[Date "2012.02.18"]
[Round "8.1"]
[White "Manolache, Marius"]
[Black "Nevednichy, Vladislav"]
[Result "1-0"]
[WhiteElo "2552"]
[BlackElo "2546"]
[Annotator "Robot 4"]
[PlyCount "67"]
[EventDate "2012.??.??"]
[TimeControl "40/5400+30:900+30"]

1. d4 Nf6 2. c4 g6 3. Nc3 Bg7 4. e4 d6 5. f3 O-O 6. Be3 e5 7. d5 Nh5 8. Qd2 f5
9. Bg5 Qe8 10. exf5 gxf5 11. O-O-O a6 12. Re1 Qf7 13. Bd3 b5 14. Nge2 Nd7 15.
g4 e4 16. gxh5 exd3 17. Rhg1 Kh8 18. Nf4 Ne5 19. Rg3 Bd7 20. h6 Bf6 21. Bxf6+
Qxf6 22. Nxd3 Nxd3+ 23. Qxd3 Qxh6+ 24. Qd2 Qxd2+ 25. Kxd2 f4 26. Rg5 Rf7 27.
Re4 bxc4 28. Rxc4 Bh3 29. Re4 Raf8 30. Ne2 h6 31. Rh5 Bg2 32. Rxh6+ Kg7 33.
Ree6 Rf6 34. Rexf6 1-0

[Event "CN Seniori 2012"]
[Site "Sarata Monteoru/Romania"]
[Date "2012.02.18"]
[Round "8.2"]
[White "Lupulescu, Constantin"]
[Black "Jianu, Vlad-Cristian"]
[Result "1/2-1/2"]
[WhiteElo "2648"]
[BlackElo "2508"]
[Annotator "Robot 4"]
[PlyCount "45"]
[EventDate "2012.??.??"]
[TimeControl "40/5400+30:900+30"]

1. d4 Nf6 2. c4 c6 3. Nf3 d5 4. e3 Bg4 5. h3 Bh5 6. Qb3 Qb6 7. Nc3 e6 8. Nh4
Qxb3 9. axb3 Na6 10. g4 Nb4 11. Ra4 Bg6 12. Nxg6 hxg6 13. f3 a5 14. Kf2 b6 15.
Kg2 Be7 16. Be2 Kd7 17. Bd2 Kc7 18. Raa1 Kb7 19. Rad1 Rad8 20. Be1 g5 21. Bf2
Nd7 22. Rd2 Nf8 23. Bg3 1/2-1/2

[Event "CN Seniori 2012"]
[Site "Sarata Monteoru/Romania"]
[Date "2012.02.18"]
[Round "8.3"]
[White "Vajda, Levente"]
[Black "Berescu, Alin-Mile"]
[Result "1/2-1/2"]
[WhiteElo "2594"]
[BlackElo "2488"]
[Annotator "Robot 4"]
[PlyCount "63"]
[EventDate "2012.??.??"]
[TimeControl "40/5400+30:900+30"]

1. e4 e6 2. d4 d5 3. Nc3 Nf6 4. e5 Nfd7 5. f4 c5 6. Nf3 Nc6 7. Be3 a6 8. Qd2 b5
9. dxc5 Bxc5 10. Ne2 Qb6 11. Ned4 b4 12. O-O-O a5 13. Re1 Nxd4 14. Bxd4 O-O 15.
g4 f6 16. exf6 Nxf6 17. Bxf6 Rxf6 18. Bd3 b3 19. Kb1 bxa2+ 20. Ka1 Rb8 21. c3
Rxf4 22. Rhf1 Bd6 23. Qc2 h6 24. Nh4 Bd7 25. Bh7+ Kf7 26. Rxf4+ Bxf4 27. Rf1 g5
28. Ng6 Ba4 29. Nxf4 Bxc2 30. Nxd5+ Kg7 31. Nxb6 Bxh7 32. Nd7 1/2-1/2

[Event "CN Seniori 2012"]
[Site "Sarata Monteoru/Romania"]
[Date "2012.02.18"]
[Round "8.4"]
[White "Parligras, Mircea-Emilian"]
[Black "Cioara, Andrei-Nestor"]
[Result "0-1"]
[WhiteElo "2650"]
[BlackElo "2456"]
[Annotator "Robot 4"]
[PlyCount "48"]
[EventDate "2012.??.??"]
[TimeControl "40/5400+30:900+30"]

1. d4 Nf6 2. c4 e6 3. Nc3 Bb4 4. Nf3 b6 5. e3 Bb7 6. Bd3 Ne4 7. O-O f5 8. Qc2
Bxc3 9. bxc3 O-O 10. c5 Rf6 11. Ne1 Rh6 12. f3 Qh4 13. fxe4 Qxh2+ 14. Kf2 fxe4
15. Bc4 Nc6 16. Ke2 Na5 17. Bb3 bxc5 18. Kd2 d5 19. Qd1 Ba6 20. Rf4 g5 21. Qg4
Rg6 22. Rxe4 dxe4 23. Bxe6+ Kh8 24. Qf5 Qd6 0-1

[Event "CN Seniori 2012"]
[Site "Sarata Monteoru/Romania"]
[Date "2012.02.18"]
[Round "8.5"]
[White "Szabo, Gergely-Andras-Gyul"]
[Black "Doros, Radu-Marian"]
[Result "1/2-1/2"]
[WhiteElo "2554"]
[BlackElo "2338"]
[Annotator "Robot 4"]
[PlyCount "45"]
[EventDate "2012.??.??"]
[TimeControl "40/5400+30:900+30"]

1. c4 Nf6 2. Nf3 g6 3. Nc3 d5 4. cxd5 Nxd5 5. Qa4+ Nc6 6. Ne5 Qd6 7. Nxc6 Qxc6
8. Qxc6+ bxc6 9. g3 Bg7 10. Bg2 Be6 11. b3 O-O-O 12. Bb2 Nxc3 13. Bxc3 Bxc3 14.
dxc3 Rd6 15. Be4 Bd5 16. Bxd5 Rxd5 17. Rd1 Rhd8 18. Rxd5 cxd5 19. Kd2 Kd7 20.
Kc2 c5 21. Rd1 Kc6 22. e4 e6 23. exd5+ 1/2-1/2

[Event "CN Seniori 2012"]
[Site "Sarata Monteoru/Romania"]
[Date "2012.02.18"]
[Round "8.6"]
[White "Miron, Lucian-Costin"]
[Black "Stanciu, Alexandru-Ovidiu"]
[Result "1-0"]
[WhiteElo "2525"]
[BlackElo "2314"]
[Annotator "Robot 4"]
[PlyCount "81"]
[EventDate "2012.??.??"]
[TimeControl "40/5400+30:900+30"]

1. d4 Nf6 2. c4 g6 3. Nf3 Bg7 4. g3 d5 5. Bg2 O-O 6. O-O Nc6 7. Nbd2 a5 8. b3
a4 9. Bb2 Re8 10. bxa4 dxc4 11. Nxc4 Be6 12. Ne3 Ra5 13. Bc3 Ra6 14. Qc2 Bd5
15. Rfd1 Be4 16. Qb2 Rb6 17. Qd2 Nd5 18. Nxd5 Qxd5 19. Qf4 Nd8 20. Qxc7 Ra6 21.
Bb2 Ne6 22. Qc3 Rxa4 23. Qb3 Qxb3 24. axb3 Rb4 25. Ba3 Rb5 26. e3 Bc2 27. Rdc1
Bxb3 28. Rab1 Bc4 29. Nd2 Rxb1 30. Rxb1 Ba6 31. Bxb7 Bxb7 32. Rxb7 Bf8 33. d5
Ng7 34. Ne4 f5 35. Ng5 h6 36. Nf3 Rd8 37. Ne5 Kh7 38. Rb6 e6 39. Bxf8 Rxf8 40.
d6 Rd8 41. d7 1-0

[Event "CN Seniori 2012"]
[Site "Sarata Monteoru/Romania"]
[Date "2012.02.18"]
[Round "8.7"]
[White "Filip, Lucian"]
[Black "Spulber, Cicirone"]
[Result "1-0"]
[WhiteElo "2490"]
[BlackElo "2244"]
[Annotator "Robot 4"]
[PlyCount "81"]
[EventDate "2012.??.??"]
[TimeControl "40/5400+30:900+30"]

1. Nf3 d5 2. d4 Nf6 3. c4 c6 4. Nc3 e6 5. g3 Nbd7 6. Bg2 Bd6 7. O-O O-O 8. Nd2
dxc4 9. Nxc4 Bc7 10. f4 Nb6 11. Ne5 Qe7 12. Qc2 Rd8 13. Rd1 Bd7 14. Be3 Be8 15.
Bf2 Rac8 16. h3 Nfd7 17. Nd3 Nd5 18. Qb3 Nxc3 19. bxc3 Rb8 20. a4 a5 21. c4 c5
22. d5 exd5 23. cxd5 Qxe2 24. Re1 Qh5 25. Nxc5 Bb6 26. Rxe8+ Rxe8 27. Nxd7
Bxf2+ 28. Kxf2 Qe2+ 29. Kg1 Rbc8 30. Ne5 Rc2 31. Qf3 Qd2 32. Rd1 Rc1 33. Rxc1
Qxc1+ 34. Kh2 f6 35. d6 fxe5 36. d7 Rd8 37. Qd5+ Kh8 38. Qf7 Qc5 39. Qe8+ Qf8
40. Qxf8+ Rxf8 41. fxe5 1-0

[Event "CN Seniori 2012"]
[Site "Sarata Monteoru/Romania"]
[Date "2012.02.18"]
[Round "8.8"]
[White "Dumitrache, Dragos-Nicolae"]
[Black "Martian, Dragos-Daniel"]
[Result "0-1"]
[WhiteElo "2460"]
[BlackElo "2074"]
[Annotator "Robot 4"]
[PlyCount "58"]
[EventDate "2012.??.??"]
[TimeControl "40/5400+30:900+30"]

1. Nf3 Nf6 2. g3 b6 3. Bg2 Bb7 4. O-O e6 5. c4 Be7 6. Nc3 O-O 7. d4 d5 8. Ne5
c5 9. dxc5 bxc5 10. cxd5 exd5 11. Bg5 Na6 12. Nc4 Rb8 13. Bxf6 Bxf6 14. Bxd5
Bxd5 15. Qxd5 Rb4 16. Rac1 Qe7 17. Rfd1 Nc7 18. Qe4 Qxe4 19. Nxe4 Bxb2 20. Rc2
Bf6 21. Nxc5 Rc8 22. Nd3 Rd8 23. Na5 Rb5 24. Nc6 Ra8 25. Rdc1 Ne6 26. Nd4 Bxd4
27. Rc8+ Rxc8 28. Rxc8+ Nf8 29. e3 Bf6 0-1

[Event "CN Seniori 2012"]
[Site "Sarata Monteoru/Romania"]
[Date "2012.02.18"]
[Round "8.9"]
[White "Anton, Teodor"]
[Black "Gilea, Lucian"]
[Result "1-0"]
[WhiteElo "2393"]
[BlackElo "2261"]
[Annotator "Robot 4"]
[PlyCount "125"]
[EventDate "2012.??.??"]
[TimeControl "40/5400+30:900+30"]

1. Nf3 Nf6 2. c4 e6 3. g3 b6 4. Bg2 Bb7 5. O-O Be7 6. Nc3 O-O 7. Re1 d5 8. cxd5
exd5 9. d4 Ne4 10. Bf4 Nxc3 11. bxc3 Nd7 12. Ne5 Nxe5 13. dxe5 Bc5 14. c4 c6
15. cxd5 cxd5 16. Qd3 Qd7 17. Be4 g6 18. h4 Rad8 19. Bf3 Rfe8 20. Kg2 Bc8 21.
Rh1 Qf5 22. Qd2 h5 23. Rad1 Kh7 24. Qb2 d4 25. Rd2 Be6 26. Rhd1 Qh3+ 27. Kg1
Bd5 28. Bxd5 Rxd5 29. Qb3 Red8 30. Rd3 Kg8 31. Rf3 Qe6 32. Kg2 Be7 33. Rfd3 Ra5
34. R1d2 Qc6+ 35. Kh2 Ra3 36. Qc2 Rc3 37. Qb2 Qc4 38. Qb1 Kh7 39. Kg2 Qc6+ 40.
f3 Qc4 41. Bg5 Bxg5 42. hxg5 Rd5 43. f4 Qc6 44. Kf2 Rb5 45. Qf1 Rxd3 46. Rxd3
Qc4 47. Qa1 Rd5 48. Qh1 Kg8 49. Qe4 Rd8 50. a3 Qc5 51. e6 Kf8 52. exf7 Kxf7 53.
Qb7+ Kg8 54. Qxa7 h4 55. Qa4 h3 56. Qb3+ Rd5 57. e4 dxe3+ 58. Ke2 Kh7 59. Rxd5
Qc6 60. Qd3 h2 61. Rd7+ Kg8 62. Rd8+ Kf7 63. Qd7+ 1-0

[Event "CN Seniori 2012"]
[Site "Sarata Monteoru/Romania"]
[Date "2012.02.18"]
[Round "8.10"]
[White "Mosnegutu, Klauss"]
[Black "Manea, Alexandru"]
[Result "0-1"]
[WhiteElo "2246"]
[BlackElo "2429"]
[Annotator "Robot 4"]
[PlyCount "74"]
[EventDate "2012.??.??"]
[TimeControl "40/5400+30:900+30"]

1. d4 Nf6 2. c4 e6 3. e3 d5 4. Nc3 a6 5. a3 dxc4 6. Bxc4 c5 7. dxc5 Qxd1+ 8.
Nxd1 Bxc5 9. b4 Ba7 10. Bb2 Nbd7 11. f3 Nb6 12. Bb3 Bd7 13. Bd4 Nbd5 14. Bxa7
Rxa7 15. Ne2 a5 16. e4 Nb6 17. Ra2 Ke7 18. Ndc3 Rc8 19. b5 Raa8 20. a4 e5 21.
Kf2 Be6 22. Bxe6 Kxe6 23. Rd1 Rd8 24. g4 Rxd1 25. Nxd1 Nfd7 26. Ne3 Rc8 27. Rd2
g6 28. f4 Nxa4 29. Nd5 f6 30. f5+ Kf7 31. Kf3 Rc5 32. Ndc3 Nab6 33. Rd6 Rc7 34.
h4 a4 35. g5 a3 36. Kg4 Nc4 37. Rd1 Ne3+ 0-1

[Event "CN Seniori 2012"]
[Site "Sarata Monteoru/Romania"]
[Date "2012.02.18"]
[Round "8.11"]
[White "Baratosi, Daniel"]
[Black "Prodileanu, Adrian"]
[Result "1-0"]
[WhiteElo "2418"]
[BlackElo "2204"]
[Annotator "Robot 4"]
[PlyCount "43"]
[EventDate "2012.??.??"]
[TimeControl "40/5400+30:900+30"]

1. e4 c6 2. d4 d5 3. Nc3 dxe4 4. Nxe4 Bf5 5. Ng3 Bg6 6. Nh3 e6 7. Nf4 Bd6 8. c3
Nf6 9. h4 Bxf4 10. Bxf4 h6 11. h5 Bh7 12. Qb3 Qb6 13. Qa3 Nbd7 14. Bd6 O-O-O
15. Be2 a6 16. O-O Rde8 17. Rfd1 e5 18. c4 exd4 19. c5 Qa7 20. Rxd4 Nd5 21. Bg4
Kd8 22. b4 1-0

[Event "CN Seniori 2012"]
[Site "Sarata Monteoru/Romania"]
[Date "2012.02.18"]
[Round "8.12"]
[White "Georgescu, Tiberiu-Marian"]
[Black "Stegariu, Alexandru"]
[Result "1-0"]
[WhiteElo "2415"]
[BlackElo "2122"]
[Annotator "Robot 4"]
[PlyCount "63"]
[EventDate "2012.??.??"]
[TimeControl "40/5400+30:900+30"]

1. c4 Nf6 2. g3 g6 3. Nc3 Bg7 4. Bg2 O-O 5. e4 d6 6. Nge2 e5 7. O-O c6 8. d3 a6
9. h3 Nbd7 10. Be3 b5 11. a3 Bb7 12. f4 Qe7 13. f5 Ne8 14. b4 Nc7 15. g4 f6 16.
a4 Kh8 17. Qd2 a5 18. bxa5 b4 19. Nb5 cxb5 20. axb5 Nc5 21. Rfb1 Rfb8 22. Rxb4
Bc8 23. Nc3 Bd7 24. Rbb1 Qe8 25. Kh1 Bf8 26. d4 exd4 27. Bxd4 Qf7 28. b6 N7a6
29. Nd5 Bg7 30. Qf4 Bc6 31. Qxd6 Bxd5 32. exd5 1-0